header

Caesar's Civil War (Record no. 243213)

MARC details
000 -LEADER
fixed length control field 01502nam a2200385Ia 4500
082 04 - DEWEY DECIMAL CLASSIFICATION NUMBER
Classification number 937.05
100 1# - MAIN ENTRY--AUTHOR NAME
Personal name Batstone, William Wendell.
245 10 - TITLE STATEMENT
Title Caesar's Civil War
260 ## - PUBLICATION, DISTRIBUTION, ETC. (IMPRINT)
Place of publication New York :
Name of publisher Oxford University Press,
Year of publication 2006.
300 ## - PHYSICAL DESCRIPTION
Number of Pages xiii, 225 p. :
Other physical details maps.
490 1# - SERIES STATEMENT
Series statement Oxford approaches to classical literature
700 1# - ADDED ENTRY--PERSONAL NAME
Personal name Damon, Cynthia,
856 40 - ELECTRONIC LOCATION AND ACCESS
Uniform Resource Identifier http://site.ebrary.com/lib/rucke/Doc?id=10160585

No items available.

© 2026 Rongo University
Contact us: librarian | system librarian | Rongo university